Reforma y mutación de la Constitución /

Bibliographic Details
Main Author: Jellinek, Georg, 1851-1911 (Author)
Format: Electronic eBook
Language:Spanish
German
Published: Santiago, Chile : Ediciones Olejnik, [2023]
Series:Biblioteca de derecho constitucional (Ediciones Olejnik)
Subjects:
Online Access:Digitalia Hispánica

MARC

LEADER 00000nam a2200000Ii 4500
001 DIGOLEJNK1467
003 NyNyDIG
006 m o d
007 cr |||||||||||
008 251203s2023 cl o 000 0 spa d
035 |a (OCoLC)1427226572 
040 |a DGITA  |b eng  |e rda  |e pn  |c DGITA 
041 1 |a spa  |h ger 
020 |z 9789564073095 
050 1 4 |a JF53 ebook 
100 1 |a Jellinek, Georg,  |d 1851-1911,  |e author. 
240 1 0 |a Verfassungsänderung und Verfassungswandlug.  |l Spanish 
245 1 0 |a Reforma y mutación de la Constitución /  |c Georg Jellinek. 
264 1 |a Santiago, Chile :  |b Ediciones Olejnik,  |c [2023] 
300 |a 1 online resource. 
336 |a text  |b txt  |2 rdacontent 
337 |a computer  |b c  |2 rdamedia 
338 |a online resource  |b cr  |2 rdacarrier 
347 |a text file  |2 rdaft 
347 |b PDF 
490 1 |a Biblioteca de derecho constitucional 
588 0 |a Online resource; title from PDF title page (Digitalia, viewed December 3, 2025) 
650 0 |a Constitutions. 
650 0 |a Constitutional law. 
650 0 |a Revolutions. 
700 1 |i Translation of:  |a Jellinek, Georg,  |d 1851-1911.  |t Verfassungsänderung und Verfassungswandlug. 
791 2 |a Digitalia (Firm),  |e distributor. 
793 0 |g Digitalia eBook Collection:  |a Ediciones Olejnik 
776 0 8 |i Print version:  |a Jellinek, Georg, 1851-1911.  |s Verfassungsänderung und Verfassungswandlug. Spanish.  |t Reforma y mutación de la Constitución.  |b 1a edición.  |d Santiago, Chile : Ediciones Olejnik, 2023  |z 9789564073095 
830 0 |a Biblioteca de derecho constitucional (Ediciones Olejnik)  
856 4 0 |3 Digitalia Hispánica  |u https://www.digitaliapublishing.com/a/157986/ 
910 |a Premium collection: 2025